[Event "PRO League Group Stage"]
[Site "chess.com INT"]
[Date "2020.01.20"]
[Round "3"]
[White "Noritsyn, Nikolay"]
[Black "Martins, Vin"]
[Result "1/2-1/2"]
[WhiteElo "2518"]
[BlackElo "2309"]
[PlyCount "146"]
[EventDate "2020.01.06"]
[EventType "team (rapid)"]
[EventRounds "7"]
[EventCountry "USA"]
[Source "Mark Crowther"]
[SourceDate "2020.01.27"]
[WhiteTeam "Canada Chessbrahs"]
[BlackTeam "Brazil Capybaras"]

1. b3 d5 2. Bb2 c5 3. e3 Nf6 4. Nf3 g6 5. Bb5+ Bd7 6. Bxf6 exf6 7. Bxd7+ Nxd7
8. d4 Bg7 9. Nc3 cxd4 10. Nxd4 O-O 11. O-O Nc5 12. Qf3 f5 13. Qxd5 Qa5 14. Na4
Rac8 15. Nxc5 Rxc5 16. Qxb7 Bxd4 17. exd4 Rxc2 18. b4 Qa3 19. d5 Rd8 20. Rfd1
Rxa2 21. Rxa2 Qxa2 22. d6 Qb3 23. Ra1 Qc3 24. Rf1 Qd4 25. g3 Rxd6 26. Re1 Kg7
27. Qc7 Rd7 28. Qa5 Qc3 29. Qe5+ Qxe5 30. Rxe5 Rb7 31. Ra5 Kf6 32. Kg2 h5 33.
Kf3 h4 34. gxh4 Rxb4 35. Ra6+ Rb6 36. Rxa7 Rb3+ 37. Kg2 Rb4 38. Ra6+ Kg7 39. h5
Kh6 40. hxg6 fxg6 41. h3 Kg5 42. Ra8 Rb3 43. Ra4 Rc3 44. h4+ Kh5 45. f3 Rc1 46.
Kh2 Rf1 47. Kg2 Rc1 48. Kg3 Rg1+ 49. Kh2 Rc1 50. Kg2 Re1 51. Rb4 Rc1 52. Kg3
Rg1+ 53. Kh3 Rh1+ 54. Kg3 Rg1+ 55. Kh2 Rc1 56. Kg2 g5 57. hxg5 Kxg5 58. Ra4
Rc2+ 59. Kg3 Rc3 60. Rb4 Ra3 61. Rc4 Rb3 62. Ra4 Rc3 63. Kg2 Rb3 64. Ra8 Kf4
65. Ra4+ Kg5 66. Ra8 Kf4 67. Ra2 Rc3 68. Ra4+ Kg5 69. Kg3 Rb3 70. Rc4 Ra3 71.
Rb4 Rc3 72. Ra4 Rb3 73. Rc4 Ra3 1/2-1/2

[Event "PRO League Group Stage"]
[Site "chess.com INT"]
[Date "2020.01.20"]
[Round "3"]
[White "Noritsyn, Nikolay"]
[Black "Milos, G."]
[Result "1/2-1/2"]
[WhiteElo "2518"]
[BlackElo "2575"]
[PlyCount "104"]
[EventDate "2020.01.06"]
[EventType "team (rapid)"]
[EventRounds "7"]
[EventCountry "USA"]
[Source "Mark Crowther"]
[SourceDate "2020.01.27"]
[WhiteTeam "Canada Chessbrahs"]
[BlackTeam "Brazil Capybaras"]

1. e4 c5 2. Nf3 Nc6 3. d4 cxd4 4. Nxd4 Nf6 5. Nc3 d6 6. Bg5 e6 7. Qd2 a6 8.
O-O-O Bd7 9. f3 Be7 10. Kb1 O-O 11. h4 b5 12. Nxc6 Bxc6 13. Ne2 Qc7 14. Nd4
Rfd8 15. g4 Bb7 16. Bd3 Ne8 17. Bxe7 Qxe7 18. g5 g6 19. h5 e5 20. Nb3 d5 21.
hxg6 fxg6 22. Qh2 dxe4 23. fxe4 Rac8 24. Nd2 Nd6 25. Rdf1 Nc4 26. Nb3 Rf8 27.
Rf6 Rxf6 28. gxf6 Qf7 29. Nc1 Re8 30. Nb3 h5 31. Nc5 Bc8 32. Rf1 Ne3 33. Rf3
Ng4 34. Qh4 Rf8 35. Qg5 Kh7 36. a4 Qc7 37. b4 bxa4 38. Bc4 Qb6 39. c3 Rxf6 40.
Rd3 a5 41. Nxa4 Qc7 42. Nc5 axb4 43. cxb4 Rb6 44. Rb3 Rxb4 45. Rxb4 Qxc5 46.
Qd2 Nf6 47. Bb3 Nxe4 48. Rxe4 Bf5 49. Bc2 Bxe4 50. Bxe4 Qd4 51. Qg2 Qb6+ 52.
Kc2 Qf6 1/2-1/2

[Event "PRO League Group Stage"]
[Site "chess.com INT"]
[Date "2020.01.27"]
[Round "4"]
[White "Berchtenbreiter, Maximilian"]
[Black "Noritsyn, Nikolay"]
[Result "1-0"]
[WhiteElo "2488"]
[BlackElo "2518"]
[PlyCount "63"]
[EventDate "2020.01.06"]
[EventType "team (rapid)"]
[EventRounds "7"]
[EventCountry "USA"]
[Source "Mark Crowther"]
[SourceDate "2020.02.03"]
[WhiteTeam "U.K. Lions"]
[BlackTeam "Canada Chessbrahs"]

1. e4 c5 2. Nf3 e6 3. d4 cxd4 4. Nxd4 a6 5. Nc3 Qc7 6. Bd3 Bc5 7. Nb3 Be7 8.
O-O d6 9. Qe2 Nd7 10. f4 Ngf6 11. Bd2 b5 12. Rae1 Bb7 13. a3 g6 14. e5 Nd5 15.
Na5 Nxc3 16. Bxc3 d5 17. f5 Bc8 18. fxe6 fxe6 19. Nb3 Bxa3 20. bxa3 Qxc3 21.
Qf3 Kd8 22. Qf7 Re8 23. Qxh7 Nxe5 24. Qh4+ Kd7 25. Rxe5 Qxe5 26. Rf7+ Kc6 27.
Qb4 Qe3+ 28. Kf1 Bd7 29. Nd4+ Kb6 30. Qd6+ Ka5 31. Nb3+ Ka4 32. Qb4# 1-0

[Event "PRO League Group Stage"]
[Site "chess.com INT"]
[Date "2020.01.27"]
[Round "4"]
[White "Haria, Ravi"]
[Black "Noritsyn, Nikolay"]
[Result "0-1"]
[WhiteElo "2450"]
[BlackElo "2518"]
[PlyCount "72"]
[EventDate "2020.01.06"]
[EventType "team (rapid)"]
[EventRounds "7"]
[EventCountry "USA"]
[Source "Mark Crowther"]
[SourceDate "2020.02.03"]
[WhiteTeam "U.K. Lions"]
[BlackTeam "Canada Chessbrahs"]

1. Nf3 c5 2. e4 d6 3. Bb5+ Bd7 4. Bxd7+ Qxd7 5. c4 Nc6 6. Nc3 e5 7. O-O Be7 8.
a3 f5 9. d3 Nf6 10. Rb1 O-O 11. b4 Rad8 12. bxc5 dxc5 13. Nd5 fxe4 14. dxe4
Nxe4 15. Qe2 Nf6 16. Rd1 Bd6 17. Nxf6+ gxf6 18. Bh6 Rf7 19. Qe4 Qe6 20. Qh4 Nd4
21. Ng5 Qxc4 22. Kh1 b6 23. Nxf7 Qxf7 24. Qe4 f5 25. Qh4 Re8 26. Rd3 f4 27. Re1
Qg6 28. Rh3 Nf5 29. Qh5 Re6 30. Bxf4 exf4 31. Rxe6 Qxe6 32. Qxh7+ Kf8 33. Qh8+
Kf7 34. Rh7+ Kg6 35. h4 Qe1+ 36. Kh2 f3+ 0-1

[Event "PRO League Group Stage"]
[Site "chess.com INT"]
[Date "2020.01.27"]
[Round "4"]
[White "Noritsyn, Nikolay"]
[Black "Harvey, Marcus R"]
[Result "1/2-1/2"]
[WhiteElo "2518"]
[BlackElo "2419"]
[PlyCount "224"]
[EventDate "2020.01.06"]
[EventType "team (rapid)"]
[EventRounds "7"]
[EventCountry "USA"]
[Source "Mark Crowther"]
[SourceDate "2020.02.03"]
[WhiteTeam "Canada Chessbrahs"]
[BlackTeam "U.K. Lions"]

1. e4 e6 2. d4 d5 3. Nc3 Nf6 4. e5 Nfd7 5. Nce2 c5 6. c3 Nc6 7. Nf3 a6 8. Nf4
cxd4 9. cxd4 Bb4+ 10. Bd2 Qa5 11. h4 Bxd2+ 12. Qxd2 Qxd2+ 13. Kxd2 Nb6 14. Rc1
Bd7 15. Rh3 Ne7 16. b3 Bb5 17. Nd3 Bxd3 18. Bxd3 Rc8 19. Rxc8+ Nbxc8 20. Rg3
O-O 21. Ng5 h6 22. Nh7 Rd8 23. Nf6+ Kh8 24. Nh5 Rg8 25. f4 Nc6 26. Ke3 N8e7 27.
Rf3 Nb4 28. g4 Rc8 29. Kd2 Ng6 30. Bb1 Nc6 31. Ke3 Nxh4 32. Rf2 g6 33. Nf6 Ne7
34. Kd2 Kg7 35. a3 Rh8 36. Bd3 h5 37. gxh5 gxh5 38. Be2 Nef5 39. Nxh5+ Kf8 40.
Kd3 Ng6 41. Bg4 Nh6 42. Be2 Ke7 43. Ng3 Nf5 44. Nxf5+ exf5 45. Ke3 Ke6 46. b4
Rh3+ 47. Rf3 Rh2 48. a4 Nh4 49. Rf2 Rh3+ 50. Bf3 Rg3 51. Ke2 b5 52. a5 Ng6 53.
Ke3 Rh3 54. Rf1 Nh4 55. Ke2 Rh2+ 56. Rf2 Nxf3 57. Kxf3 Rh3+ 58. Kg2 Rb3 59. Rc2
Rxb4 60. Rc6+ Ke7 61. Rxa6 Rxd4 62. Kg3 Ra4 63. Ra7+ Kf8 64. a6 b4 65. Rb7 Rxa6
66. Rxb4 Kg7 67. Kh4 Kg6 68. Rb5 Ra1 69. Rxd5 Rh1+ 70. Kg3 Rg1+ 71. Kf2 Ra1 72.
Rd6+ Kh5 73. Rf6 Kg4 74. Rxf7 Kxf4 75. e6 Ra2+ 76. Ke1 Ra8 77. e7 Re8 78. Kf2
Ke5 79. Kf3 Ke6 80. Rh7 Kf6 81. Kf4 Kg6 82. Rh1 Rxe7 83. Ra1 Re4+ 84. Kf3 Kg5
85. Ra3 Rh4 86. Kg3 f4+ 87. Kg2 Kg4 88. Rb3 Rh8 89. Rb7 Rg8 90. Kf2 Rg6 91. Rb8
Rg7 92. Rc8 Kf5 93. Rf8+ Ke5 94. Re8+ Kf5 95. Rf8+ Kg4 96. Ra8 Rg6 97. Rb8 Rc6
98. Rg8+ Kf5 99. Rf8+ Ke5 100. Re8+ Re6 101. Rxe6+ Kxe6 102. Kf3 Kf5 103. Kf2
Ke4 104. Ke2 f3+ 105. Kf2 Kf4 106. Kf1 Ke5 107. Kf2 Ke4 108. Kf1 Kd3 109. Kf2
Ke4 110. Kf1 Ke3 111. Ke1 f2+ 112. Kf1 Kf3 1/2-1/2

[Event "PRO League Group Stage"]
[Site "chess.com INT"]
[Date "2020.01.27"]
[Round "4"]
[White "Noritsyn, Nikolay"]
[Black "Tan, Ju2"]
[Result "0-1"]
[WhiteElo "2518"]
[BlackElo "2511"]
[PlyCount "72"]
[EventDate "2020.01.06"]
[EventType "team (rapid)"]
[EventRounds "7"]
[EventCountry "USA"]
[Source "Mark Crowther"]
[SourceDate "2020.02.03"]
[WhiteTeam "Canada Chessbrahs"]
[BlackTeam "U.K. Lions"]

1. e4 d5 2. exd5 Qxd5 3. Nc3 Qa5 4. g3 Bd7 5. Bg2 Bc6 6. Nf3 Nd7 7. O-O Ngf6 8.
Rb1 e6 9. a3 Qh5 10. b4 b6 11. h3 Rd8 12. g4 Qg6 13. d3 Nd5 14. Ne4 h5 15. Nh4
Qh7 16. g5 f5 17. g6 Qg8 18. Ng5 Ne5 19. Qe1 Bd6 20. Bb2 Be7 21. f4 Nxf4 22.
Rxf4 Bxg5 23. Qxe5 Bxg2 24. Nxg2 Rh6 25. Rxf5 Rd5 26. Qe4 Rxf5 27. Qa8+ Bd8 28.
Nh4 Rf4 29. Bc1 Rxh4 30. Bg5 Kd7 31. Bxh4 Rxg6+ 32. Kh1 Qf8 33. b5 e5 34. Re1
e4 35. dxe4 Qf3+ 36. Kh2 Qg2# 0-1

[Event "PRO League Group Stage"]
[Site "chess.com INT"]
[Date "2019.02.21"]
[Round "7"]
[White "Gorovets, Andrey"]
[Black "Noritsyn, Nikolay"]
[Result "1/2-1/2"]
[WhiteElo "2509"]
[BlackElo "2484"]
[PlyCount "140"]
[EventDate "2019.01.08"]
[EventType "team"]
[EventRounds "10"]
[EventCountry "USA"]
[Source "Mark Crowther"]
[SourceDate "2019.02.25"]
[WhiteTeam "Dallas Destiny"]
[BlackTeam "Montreal Chessbrahs"]

1. d4 e6 2. Nf3 f5 3. Bf4 Nf6 4. e3 b6 5. Be2 Bb7 6. O-O Be7 7. c4 O-O 8. Nc3
Ne4 9. Nxe4 Bxe4 10. Nd2 Bb7 11. Bf3 Qc8 12. h3 d6 13. Re1 Bf6 14. Qb3 Nc6 15.
d5 Nd8 16. dxe6 Bxf3 17. e7 Bxe7 18. c5+ Qe6 19. cxd6 Bd5 20. dxe7 Bxb3 21.
exf8=Q+ Kxf8 22. axb3 c5 23. e4 Nc6 24. exf5 Qxf5 25. Bd6+ Kg8 26. Nc4 h6 27.
Nxb6 Rd8 28. Nc4 Rd7 29. Be5 Nb4 30. Bc3 Nd3 31. Re8+ Kh7 32. Rf1 Nf4 33. Re3
Qg6 34. g4 Qc6 35. f3 Nxh3+ 36. Kh2 Ng5 37. Ne5 Qc7 38. f4 Ne6 39. Nxd7 Qxd7
40. Kg3 Nd4 41. Bxd4 cxd4 42. Rd3 a5 43. Rfd1 Qe6 44. R1d2 Qe4 45. Rxd4 Qe3+
46. Kg2 Qxb3 47. R4d3 Qb7+ 48. Rf3 Qe4 49. Rdf2 a4 50. Kg3 Kg6 51. Rc3 Qd5 52.
Kh2 Qe4 53. Rcf3 Kf6 54. Kg2 Kg6 55. Kg3 h5 56. gxh5+ Kxh5 57. Kh2 Kg6 58. f5+
Kf6 59. Rg3 Qe5 60. Kg2 Qd5+ 61. Kh2 Qd6 62. Kg2 Qc6+ 63. Kh2 Qe4 64. Rg6+ Kf7
65. Rfg2 Qh4+ 66. Kg1 Qe1+ 67. Kh2 Qe5+ 68. Kg1 Qe1+ 69. Kh2 Qh4+ 70. Kg1 Qe1+
1/2-1/2

[Event "Aurora Fall op"]
[Site "Newmarket CAN"]
[Date "2018.10.20"]
[Round "1.1"]
[White "Noritsyn, Nikolay"]
[Black "Loadman, Ian"]
[Result "1-0"]
[WhiteElo "2592"]
[BlackElo "2102"]
[PlyCount "67"]
[EventDate "2018.10.20"]
[EventType "swiss"]
[EventRounds "5"]
[EventCountry "CAN"]

1. e4 e5 2. Nf3 Nc6 3. d4 exd4 4. Nxd4 Nf6 5. Nxc6 bxc6 6. Qe2 d6 7. Nc3 Be7 8.
Be3 O-O 9. O-O-O Be6 10. h3 Qb8 11. f4 Qb4 12. a3 Qa5 13. Qa6 Qxa6 14. Bxa6 c5
15. g4 Bc8 16. Bxc8 Rfxc8 17. e5 Ne8 18. Rhe1 Bf8 19. Bf2 Rab8 20. Re2 Rd8 21.
Bh4 Rdc8 22. Nd5 c4 23. Rd4 dxe5 24. fxe5 c6 25. Ne7+ Bxe7 26. Bxe7 Nc7 27.
Rxc4 Ne6 28. Re3 Rb6 29. Rd3 Rb7 30. Bb4 h6 31. Rdc3 Rb6 32. Bd6 Kh7 33. b4 Ra6
34. b5 1-0

[Event "Aurora Fall op"]
[Site "Newmarket CAN"]
[Date "2018.10.20"]
[Round "2.1"]
[White "Noritsyn, Sergey"]
[Black "Noritsyn, Nikolay"]
[Result "0-1"]
[WhiteElo "2304"]
[BlackElo "2592"]
[PlyCount "100"]
[EventDate "2018.10.20"]
[EventType "swiss"]
[EventRounds "5"]
[EventCountry "CAN"]

1. e4 e5 2. Nf3 d6 3. d4 exd4 4. Nxd4 Nf6 5. Nc3 Be7 6. Qe2 O-O 7. Bf4 Nc6 8.
O-O-O Nxd4 9. Rxd4 Be6 10. e5 Ne8 11. Nd5 Bg5 12. Bxg5 Qxg5+ 13. f4 Qh6 14. g3
dxe5 15. Qxe5 c6 16. Ne7+ Kh8 17. Kb1 Nf6 18. Bg2 Ng4 19. Qd6 Nf2 20. Re1 Rae8
21. f5 Bxf5 22. Qxh6 gxh6 23. Rf4 Be6 24. Rxf2 Rxe7 25. Rd1 Kg7 26. b3 Rfe8 27.
Rf4 Bc8 28. Bf3 Re1 29. Kb2 Rxd1 30. Bxd1 Re1 31. Bg4 Be6 32. Rd4 f5 33. Bh3
Re2 34. Rf4 Kg6 35. Rh4 Rf2 36. a4 Bd5 37. Rf4 Rxf4 38. gxf4 Be4 39. Kc3 Kh5
40. Kd4 Kh4 41. Bf1 Bxc2 42. Ke5 a5 43. Bc4 Kg4 44. Bg8 h5 45. Bxh7 h4 46. Bg6
Be4 47. Bh7 b5 48. Bg6 bxa4 49. bxa4 c5 50. Bh7 c4 0-1

[Event "Aurora Fall op"]
[Site "Newmarket CAN"]
[Date "2018.10.20"]
[Round "3.1"]
[White "Noritsyn, Nikolay"]
[Black "Migot, Tangi"]
[Result "1/2-1/2"]
[WhiteElo "2592"]
[BlackElo "2380"]
[PlyCount "83"]
[EventDate "2018.10.20"]
[EventType "swiss"]
[EventRounds "5"]
[EventCountry "CAN"]

1. d4 Nf6 2. Nf3 d5 3. c4 e6 4. Nc3 Bb4 5. cxd5 exd5 6. Bg5 Nbd7 7. Rc1 h6 8.
Bh4 g5 9. Bg3 Ne4 10. Nd2 Nxg3 11. hxg3 Nb6 12. a3 Bxc3 13. Rxc3 Bf5 14. e3 Qd6
15. a4 Nd7 16. b4 c6 17. b5 Rc8 18. Bd3 Bxd3 19. Rxd3 O-O 20. O-O Nf6 21. Qf3
Qe6 22. Ra3 Kg7 23. Rb1 b6 24. Ra2 c5 25. dxc5 Ne4 26. Nxe4 dxe4 27. Qe2 Rxc5
28. Rd2 Rfc8 29. Rbd1 Rc1 30. Kh2 Qc4 31. Qe1 Rc2 32. Rxc2 Qxc2 33. Rd4 Rc4 34.
Qa1 Rxd4 35. Qxd4+ Kg6 36. a5 Qd3 37. Qb4 bxa5 38. Qxa5 Qd1 39. Qa6+ f6 40.
Qxa7 Qh5+ 41. Kg1 Qd1+ 42. Kh2 1/2-1/2

[Event "Aurora Fall op"]
[Site "Newmarket CAN"]
[Date "2018.10.21"]
[Round "4.1"]
[White "Plotkin, Victor"]
[Black "Noritsyn, Nikolay"]
[Result "0-1"]
[WhiteElo "2393"]
[BlackElo "2592"]
[PlyCount "232"]
[EventDate "2018.10.20"]
[EventType "swiss"]
[EventRounds "5"]
[EventCountry "CAN"]

1. e4 c5 2. c3 Nf6 3. e5 Nd5 4. d4 cxd4 5. Nf3 e6 6. cxd4 d6 7. Nc3 dxe5 8.
Nxe5 Nc6 9. Nxc6 bxc6 10. Be2 Be7 11. O-O O-O 12. Nxd5 cxd5 13. Be3 Rb8 14. b3
Bd7 15. Rc1 Qa5 16. a4 Ba3 17. Ra1 Bb2 18. Ra2 Qc3 19. Bb5 Bxb5 20. axb5 Rxb5
21. Rxa7 Rxb3 22. Qg4 Qc4 23. Rd1 Rd3 24. Rxd3 Qxd3 25. h4 Qb1+ 26. Kh2 Bc1 27.
Qf4 Bxe3 28. fxe3 h5 29. Re7 Qg6 30. Qg3 Kh7 31. Qf4 Qf6 32. Qxf6 gxf6 33. Kg3
Kg6 34. Kf4 Ra8 35. Rd7 Ra1 36. Kf3 Ra8 37. Kf4 Kg7 38. Kf3 Ra1 39. Rc7 Rf1+
40. Ke2 Rh1 41. g3 Rh2+ 42. Kf1 Kg6 43. Rd7 Ra2 44. Rb7 e5 45. Rd7 Ra5 46. Kf2
e4 47. Rd8 Kf5 48. Rg8 Ra2+ 49. Kf1 Rb2 50. Rg7 Rb8 51. Kf2 Ra8 52. Kf1 Ke6 53.
Rh7 Kf5 54. Rg7 Ra1+ 55. Kf2 Rb1 56. Rg8 Rb2+ 57. Kf1 Rc2 58. Rg7 Rc8 59. Kf2
Ra8 60. Kf1 Ke6 61. Rh7 Ra1+ 62. Kf2 Ra2+ 63. Kf1 f5 64. Rxh5 Ra1+ 65. Kf2 Ra2+
66. Kf1 f6 67. Rh7 Ra1+ 68. Kf2 Ra2+ 69. Kf1 f4 70. gxf4 Kf5 71. Rg7 Rh2 72.
Rg8 Rxh4 73. Rg7 Rh6 74. Kg2 Rh8 75. Kg3 Ra8 76. Kf2 Ra2+ 77. Kf1 Rb2 78. Rg8
Rh2 79. Rg7 Rh4 80. Kf2 Rg4 81. Rd7 Ke6 82. Rd8 Rg7 83. Rh8 Kf5 84. Rh5+ Kg4
85. Rh1 Ra7 86. Rg1+ Kf5 87. Rg8 Ke6 88. Rd8 Ra2+ 89. Kf1 Rb2 90. Rg8 Rh2 91.
Rg7 Kd6 92. Rg6 Kc6 93. Rxf6+ Kb5 94. Rg6 Kc4 95. Rg2 Rh1+ 96. Rg1 Rh2 97. Rg2
Rh8 98. f5 Kd3 99. Kf2 Rh5 100. Rg3 Rxf5+ 101. Kg2 Ke2 102. Kg1 Rf3 103. Rg5
Kxe3 104. Rxd5 Kd2 105. Ra5 e3 106. Ra2+ Kd3 107. Ra3+ Ke4 108. Ra2 Rf8 109. d5
Kf3 110. d6 Rg8+ 111. Kf1 Rb8 112. Kg1 Rb1+ 113. Kh2 e2 114. d7 Rd1 115. Ra3+
Kf2 116. Ra8 Rh1+ 0-1

[Event "Aurora Fall op"]
[Site "Newmarket CAN"]
[Date "2018.10.21"]
[Round "5.1"]
[White "Hua, Eugene"]
[Black "Noritsyn, Nikolay"]
[Result "1/2-1/2"]
[WhiteElo "2420"]
[BlackElo "2592"]
[PlyCount "85"]
[EventDate "2018.10.20"]
[EventType "swiss"]
[EventRounds "5"]
[EventCountry "CAN"]

1. c4 e6 2. g3 d5 3. Bg2 c6 4. Nf3 b5 5. cxb5 cxb5 6. O-O Nf6 7. b3 Be7 8. Bb2
O-O 9. d3 Nc6 10. Nbd2 Qb6 11. Rc1 Bb7 12. a3 Rfc8 13. Rc2 b4 14. a4 Nd7 15.
Qa1 Bf6 16. Bxf6 Nxf6 17. Rfc1 h6 18. Rc5 Ba6 19. Bf1 Nd7 20. R5c2 Na5 21. Qd4
Kf8 22. Rxc8+ Rxc8 23. Rxc8+ Bxc8 24. Qxb6 Nxb6 25. d4 Ke7 26. e3 f6 27. Ne1
Nc6 28. Bb5 Kd6 29. Nc2 a5 30. f4 Na8 31. Ne1 Nc7 32. Bxc6 Kxc6 33. Nd3 Ne8 34.
Nc5 e5 35. fxe5 fxe5 36. Nf3 e4 37. Ne5+ Kd6 38. Kg2 Nc7 39. Nf7+ Ke7 40. Ne5
Ne6 41. Nxe6 Kxe6 42. Kf2 Ba6 43. Ke1 1/2-1/2

[Event "Olympiad"]
[Site "Batumi GEO"]
[Date "2018.09.25"]
[Round "2.2"]
[White "Ynojosa Aponte, Felix Jose"]
[Black "Noritsyn, Nikolay"]
[Result "0-1"]
[WhiteElo "2370"]
[BlackElo "2482"]
[PlyCount "92"]
[EventDate "2018.09.24"]
[EventType "team"]
[EventRounds "11"]
[EventCountry "GEO"]
[Source "ChessMix"]
[SourceDate "2018.10.10"]
[WhiteTeam "Venezuela"]
[BlackTeam "Canada"]
[WhiteTeamCountry "VEN"]
[BlackTeamCountry "CAN"]

1. c4 e5 2. Nc3 Bb4 3. e4 Nc6 4. Nf3 d6 5. d4 exd4 6. Nxd4 Nf6 7. Nxc6 bxc6 8.
Bd3 Bxc3+ 9. bxc3 Nd7 10. Be3 c5 11. f4 Qh4+ 12. g3 Qh3 13. Qc2 O-O 14. O-O-O
Nf6 15. Rhe1 Bg4 16. Rd2 Rfe8 17. Bf1 Qh6 18. f5 Qh5 19. h3 Bf3 20. g4 Qh4 21.
Bf2 Qh6 22. Be3 Bxe4 23. Bxh6 Bxc2 24. Rxe8+ Rxe8 25. Bxg7 Kxg7 26. Kxc2 Kh6
27. Re2 Rxe2+ 28. Bxe2 Kg5 29. Kb3 Ne4 30. Bd3 Kf4 31. a3 c6 32. Kc2 h6 33. h4
Nf6 34. g5 hxg5 35. hxg5 Kxg5 36. Bf1 Kxf5 37. Bg2 d5 38. Kd3 Ke5 39. Bh3 Kd6
40. Ke3 Nd7 41. Kf4 Ne5 42. cxd5 cxd5 43. Bf1 c4 44. Kf5 Nd7 45. Bg2 Nc5 46.
Kf6 Ne4+ 0-1

[Event "Olympiad"]
[Site "Batumi GEO"]
[Date "2018.09.30"]
[Round "6.3"]
[White "Noritsyn, Nikolay"]
[Black "Cheparinov, Ivan"]
[Result "1/2-1/2"]
[WhiteElo "2482"]
[BlackElo "2715"]
[PlyCount "143"]
[EventDate "2018.09.24"]
[EventType "team"]
[EventRounds "11"]
[EventCountry "GEO"]
[Source "ChessMix"]
[SourceDate "2018.10.10"]
[WhiteTeam "Canada"]
[BlackTeam "Georgia 1"]
[WhiteTeamCountry "CAN"]

1. d4 Nf6 2. Nf3 g6 3. Bg5 Bg7 4. Nbd2 O-O 5. c3 d6 6. e4 c5 7. d5 h6 8. Bh4 e6
9. dxe6 Bxe6 10. Be2 Nc6 11. O-O Qc7 12. Re1 Rfe8 13. Qc2 Nh5 14. Nc4 d5 15.
exd5 Bxd5 16. Ne3 Be4 17. Qb3 Nf4 18. Bg3 Nxe2+ 19. Rxe2 Qb6 20. Qxb6 axb6 21.
Nc4 Bd3 22. Rxe8+ Rxe8 23. Nxb6 Re2 24. Na4 c4 25. Re1 Rc2 26. Bf4 f5 27. Rc1
g5 28. Be3 f4 29. Ne1 Rxc1 30. Bxc1 Bb1 31. Nc5 b6 32. Ne6 Bf6 33. g3 Kf7 34.
Nc7 Bd8 35. Nb5 fxg3 36. fxg3 Bxa2 37. Nf3 Ke6 38. h4 Kf5 39. Kf2 gxh4 40. gxh4
Kg6 41. Kg3 Bb1 42. Kf4 Bc2 43. Kg3 Ba4 44. Nd6 b5 45. Bf4 Ne7 46. Ne5+ Kh5 47.
Kh3 Bc2 48. Nxb5 Ng6 49. Nxg6 Bf5+ 50. Kh2 Bxg6 51. Nd4 Bf6 52. Bg3 Kg4 53. Kg2
Bf7 54. Kf2 Bxh4 55. Bxh4 Kxh4 56. Kf3 Kg5 57. Kg3 Bd5 58. Nc2 h5 59. Nd4 h4+
60. Kh3 Kh5 61. Nc2 Bf3 62. Nd4 Bd1 63. Nb5 Kg5 64. Nd4 Kh5 65. Nb5 Bg4+ 66.
Kh2 Be6 67. Nd4 Bd5 68. Kh3 Kg5 69. Nb5 Be6+ 70. Kh2 Kg4 71. Nd4 Bd5 72. Nb5
1/2-1/2

[Event "Olympiad"]
[Site "Batumi GEO"]
[Date "2018.10.02"]
[Round "8.2"]
[White "Georgiev, Vladimir"]
[Black "Noritsyn, Nikolay"]
[Result "1-0"]
[WhiteElo "2479"]
[BlackElo "2482"]
[PlyCount "69"]
[EventDate "2018.09.24"]
[EventType "team"]
[EventRounds "11"]
[EventCountry "GEO"]
[Source "ChessMix"]
[SourceDate "2018.10.10"]
[WhiteTeam "FYROM"]
[BlackTeam "Canada"]
[BlackTeamCountry "CAN"]

1. d4 f5 2. Bf4 Nf6 3. e3 e6 4. Nf3 b6 5. Be2 Bb7 6. O-O Be7 7. c4 Ne4 8. Nfd2
Nxd2 9. Nxd2 O-O 10. Bf3 Qc8 11. Rc1 d6 12. c5 bxc5 13. dxc5 d5 14. b4 Bc6 15.
Be2 Qd7 16. Nf3 Ba4 17. Qd3 a6 18. Qa3 a5 19. c6 axb4 20. Qxa4 Rxa4 21. cxd7 c5
22. Bxb8 Rxb8 23. Ne5 Rd8 24. Nc6 Rxd7 25. Bb5 Ra3 26. Nxe7+ Rxe7 27. Rxc5 Rxa2
28. Rb1 Rea7 29. Rcc1 Rd2 30. Rxb4 Raa2 31. Bd7 Kf7 32. Rb6 Rxf2 33. Bxe6+ Ke7
34. Rc7+ Kd8 35. Rd7+ 1-0

[Event "Olympiad"]
[Site "Batumi GEO"]
[Date "2018.10.03"]
[Round "9.2"]
[White "Lye, Lik Zang"]
[Black "Noritsyn, Nikolay"]
[Result "1-0"]
[WhiteElo "2351"]
[BlackElo "2482"]
[PlyCount "103"]
[EventDate "2018.09.24"]
[EventType "team"]
[EventRounds "11"]
[EventCountry "GEO"]
[Source "ChessMix"]
[SourceDate "2018.10.10"]
[WhiteTeam "Malaysia"]
[BlackTeam "Canada"]
[WhiteTeamCountry "MAS"]
[BlackTeamCountry "CAN"]

1. d4 f5 2. Bg5 g6 3. Nd2 Bg7 4. c3 Nc6 5. d5 Ne5 6. Ngf3 Nxf3+ 7. Nxf3 Nf6 8.
Bxf6 Bxf6 9. h4 c6 10. h5 Qb6 11. Qd2 cxd5 12. hxg6 hxg6 13. Rxh8+ Bxh8 14.
Qxd5 Kf8 15. Qd2 Bf6 16. O-O-O Kg7 17. e3 d5 18. Be2 Be6 19. Nd4 Bf7 20. f4 Re8
21. Rh1 e5 22. fxe5 Rxe5 23. Rh3 Qd8 24. Kb1 Qe7 25. Bd3 a6 26. Rg3 Kf8 27. a3
Bg5 28. Nc2 Qf6 29. Rf3 Qe7 30. Qf2 Kg7 31. Rh3 Be8 32. Qg3 Bf7 33. Qf2 Kg8 34.
Qg3 Qf6 35. Qf2 Kg7 36. Nd4 Kg8 37. Nc2 Re7 38. Nd4 Qe5 39. Nc2 Be8 40. Qg3 Qf6
41. Nb4 Bf7 42. Qb8+ Re8 43. Qxb7 d4 44. cxd4 Bxe3 45. Qxa6 Qxd4 46. Nc2 Qg4
47. Be2 Qxg2 48. Bc4 Bf2 49. Bxf7+ Kxf7 50. Rh7+ Kg8 51. Rd7 Bg1 52. Qc4+ 1-0

[Event "Aurora Fall op"]
[Site "Aurora CAN"]
[Date "2017.10.14"]
[Round "1.1"]
[White "Munro, Allan"]
[Black "Noritsyn, Nikolay"]
[Result "0-1"]
[WhiteElo "2036"]
[BlackElo "2487"]
[PlyCount "120"]
[EventDate "2017.10.14"]
[EventType "swiss"]
[EventRounds "5"]
[EventCountry "CAN"]
[Source "Chess Mix"]
[SourceDate "2017.10.20"]

1. e4 c5 2. Nf3 e6 3. d4 cxd4 4. Nxd4 a6 5. c4 Bc5 6. Nb3 Be7 7. Nc3 d6 8. Be2
Nf6 9. O-O O-O 10. Re1 Nc6 11. Be3 b6 12. Rc1 Bb7 13. f4 Rc8 14. Bf3 Nd7 15.
Qe2 Nc5 16. Nd4 Rc7 17. Nxc6 Bxc6 18. b4 Nd7 19. Red1 Qa8 20. Nb5 axb5 21. cxb5
Rfc8 22. bxc6 Rxc6 23. Qb2 b5 24. a3 Bd8 25. Rxc6 Rxc6 26. Be2 Qb7 27. Bd3 e5
28. f5 Nf6 29. Qe2 Bb6 30. Bxb6 Rxb6 31. h3 h6 32. Kh2 Qa8 33. Ra1 Qb8 34. Kh1
Kh7 35. Rc1 Rb7 36. Rc3 Qa7 37. Bc2 Qd4 38. Qd3 Qf2 39. Bd1 Qe1+ 40. Kh2 Qxe4
41. Qxe4 Nxe4 42. Rd3 Rb6 43. Bb3 Kg8 44. g4 Kf8 45. Kg2 Ra6 46. Bd5 Nf6 47.
Kf3 Ke7 48. Be4 Ra7 49. h4 Rc7 50. g5 hxg5 51. hxg5 Nxe4 52. Kxe4 Rc4+ 53. Kd5
Kd7 54. g6 fxg6 55. fxg6 Rg4 56. a4 bxa4 57. b5 a3 58. b6 a2 59. b7 a1=Q 60.
b8=N+ Kc7 0-1

[Event "Aurora Fall op"]
[Site "Aurora CAN"]
[Date "2017.10.14"]
[Round "2.1"]
[White "Noritsyn, Nikolay"]
[Black "Noritsyn, Sergey"]
[Result "1-0"]
[WhiteElo "2487"]
[BlackElo "2074"]
[PlyCount "41"]
[EventDate "2017.10.14"]
[EventType "swiss"]
[EventRounds "5"]
[EventCountry "CAN"]
[Source "Chess Mix"]
[SourceDate "2017.10.20"]

1. c4 Nf6 2. Nc3 c6 3. e4 d5 4. e5 Ne4 5. Nf3 Bg4 6. h3 Bh5 7. e6 f5 8. cxd5 g6
9. Qb3 Nc5 10. Qc4 Bxf3 11. gxf3 Qd6 12. d4 Nca6 13. Qb3 Nc7 14. Qxb7 Kd8 15.
Bc4 Bg7 16. Ne2 cxd5 17. Bf4 dxc4 18. Bxd6 exd6 19. Rc1 d5 20. Nf4 Re8 21. O-O
1-0

[Event "Aurora Fall op"]
[Site "Aurora CAN"]
[Date "2017.10.14"]
[Round "3.1"]
[White "Li, William"]
[Black "Noritsyn, Nikolay"]
[Result "0-1"]
[WhiteElo "1959"]
[BlackElo "2487"]
[PlyCount "86"]
[EventDate "2017.10.14"]
[EventType "swiss"]
[EventRounds "5"]
[EventCountry "CAN"]
[Source "Chess Mix"]
[SourceDate "2017.10.20"]

1. e4 e5 2. Nf3 d6 3. d4 exd4 4. Qxd4 Nc6 5. Bb5 Nge7 6. O-O a6 7. Bxc6+ Nxc6
8. Qd3 Be7 9. Bd2 O-O 10. Bc3 Be6 11. Rd1 Qe8 12. Nbd2 Rd8 13. Nf1 d5 14. exd5
Rxd5 15. Qe4 Rxd1 16. Rxd1 Qc8 17. Ne3 Rd8 18. Rxd8+ Qxd8 19. a3 Bf8 20. h4 h6
21. g4 Ne7 22. Nd4 Bc8 23. Ndf5 Nxf5 24. gxf5 c6 25. f6 g6 26. f4 Bc5 27. b4
Bf5 28. Qe5 Bb6 29. Kg2 Bc7 30. Qd4 Qxd4 31. Bxd4 Bxf4 32. Nxf5 gxf5 33. h5 Bc1
34. Bc5 Bxa3 35. Kf3 a5 36. c3 a4 37. Ke2 Bc1 38. Kd1 Bg5 39. Be7 b5 40. Kc2 f4
41. c4 f3 42. Bc5 Bxf6 43. cxb5 cxb5 0-1